Statistics for Top 100 MLB Players 2018

Click here to take the quiz!

General Stats

  • This quiz has been taken 177 times
  • The average score is 56 of 100

Answer Stats

#PlayerTeam% Correct
1Mike TroutLos Angeles Angels
100%
2Jose AltuveHouston Astros
99%
4Clayton KershawLos Angeles Dodgers
98%
20Aaron JudgeNew York Yankees
95%
3Joey VottoCincinnati Reds
95%
9Bryce HarperWashington Nationals
94%
7Kris BryantChicago Cubs
94%
14Anthony RizzoChicago Cubs
92%
12Max ScherzerWashington Nationals
92%
18Mookie BettsBoston Red Sox
92%
5Nolan ArenadoColorado Rockies
92%
6Francisco LindorCleveland Indians
91%
15Freddie FreemanAtlanta Braves
90%
13Buster PoseySan Francisco Giants
88%
23Giancarlo StantonNew York Yankees
88%
26Manny MachadoBaltimore Orioles
88%
10Paul GoldschmidtArizona Diamondbacks
88%
24Cody BellingerLos Angeles Dodgers
87%
11Corey KluberCleveland Indians
87%
25Justin VerlanderHouston Astros
87%
8Carlos CorreaHouston Astros
86%
17Chris SaleBoston Red Sox
82%
19Josh DonaldsonToronto Blue Jays
82%
21Charlie BlackmonColorado Rockies
79%
28Jose RamirezCleveland Indians
79%
32Justin TurnerLos Angeles Dodgers
77%
41Trea TurnerWashington Nationals
76%
22Anthony RendonWashington Nationals
75%
62Carlos MartinezSt. Louis Cardinals
75%
49Jacob deGromNew York Mets
75%
43J.D. MartinezArizona Diamondbacks
75%
31George SpringerHouston Astros
74%
53Aroldis ChapmanNew York Yankees
72%
16Corey SeagerLos Angeles Dodgers
72%
89Matt ChapmanOakland Athletics
72%
86Kyle SeagerSeattle Mariners
71%
34Stephen StrasburgWashington Nationals
71%
33Gary SanchezNew York Yankees
70%
46Christian YelichMilwaukee Brewers
67%
29Noah SyndergaardNew York Mets
65%
27Luis SeverinoNew York Yankees
62%
56Robinson CanoSeattle Mariners
61%
45Zack GreinkeArizona Diamondbacks
61%
67Alex BregmanHouston Astros
60%
51Jose AbreuChicago White Sox
58%
36Kenley JansenLos Angeles Dodgers
56%
72Wade DavisColorado Rockies
56%
42Adrian BeltreTexas Rangers
54%
70Yasiel PuigLos Angeles Dodgers
52%
63Justin UptonLos Angeles Angels
51%
93Starling MartePittsburgh Pirates
50%
64Lorenzo CainMilwaukee Brewers
48%
82Nelson CruzSeattle Mariners
48%
35Craig KimbrelBoston Red Sox
47%
40Dallas KeuchelHouston Astros
47%
39Andrew MillerCleveland Indians
46%
44Carlos CarrascoCleveland Indians
46%
61Yu DarvishChicago Cubs
46%
47Brian DozierMinnesota Twins
45%
65Daniel MurphyWashington Nationals
45%
58Archie BradleyArizona Diamondbacks
44%
66Chris ArcherTampa Bay Rays
43%
57Marcell OzunaSt. Louis Cardinals
43%
100Yadier MolinaSt. Louis Cardinals
43%
30Andrelton SimmonsLos Angeles Angels
42%
83Edwin EncarnacionCleveland Indians
42%
37Marcus StromanToronto Blue Jays
42%
76Masahiro TanakaNew York Yankees
42%
50Wilson ContrerasChicago Cubs
42%
97Salvador PerezKansas City Royals
40%
48Kyle HendricksChicago Cubs
39%
81Brett GardnerNew York Yankees
38%
38Jonathan SchoopBaltimore Orioles
37%
87J.T. RealmutoMiami Marlins
37%
79Andrew BenintendiBoston Red Sox
35%
88Brandon CrawfordSan Francisco Giants
33%
60Jon GrayColorado Rockies
33%
78Aaron HicksNew York Yankees
32%
59Byron BuxtonMinnesota Twins
32%
99Chris TaylorLos Angeles Dodgers
32%
96Elvis AndrusTexas Rangers
32%
74Aaron NolaPhiladelphia Phillies
30%
55Robbie RayArizona Diamondbacks
30%
95James PaxtonSeattle Mariners
29%
94Rhys HoskinsPhiladelphia Phillies
29%
80Cody AllenCleveland Indians
26%
54Kevin KiermaierTampa Bay Rays
24%
77Roberto OsunaToronto Blue Jays
23%
71Travis ShawMilwaukee Brewers
23%
68Chad GreenNew York Yankees
22%
73Didi GregoriousNew York Yankees
22%
75Jose QuintanaChicago Cubs
22%
98Sean DoolittleWashington Nationals
19%
84Ender InciarteAtlanta Braves
17%
91Brad HandSan Diego Padres
16%
69Corey KnebelMilwaukee Brewers
16%
52Felipe RiveroPittsburgh Pirates
14%
90Zack CozartLos Angeles Angels
13%
92Raisel IglesiasCincinnati Reds
11%
85Steven Souza, Jr.Arizona Diamondbacks
10%

Score Distribution

Percentile by Number Answered

Percent of People with Each Score

Your Score History

You have not taken this quiz